Coahuila y Texas desde la consumación de la independencia hasta el Tratado de Paz de Guadalupe Hidalgo : tomo II /

Guardado en:
Detalles Bibliográficos
Autor principal: Alessio Robles, Vito (autor)
Formato: Libro
Idioma:Español
Publicado: México : Porrúa, 1979, c1979
Etiquetas: Agrega una etiqueta
Sin etiquetas, Sé el primero en etiquetar este registro!

MARC

LEADER 00000nam^a2200000^a^4500
001 000455636
005 20250521000000.0
009 20260310124000.568
020 |a 968-432-388-8 
037 |a Acervo Xavier Clavigero 
041 |a ESP 
091 |a FCA. 05487 
100 |a Alessio Robles, Vito  |e (autor) 
245 1 0 |a Coahuila y Texas desde la consumación de la independencia hasta el Tratado de Paz de Guadalupe Hidalgo :  |b tomo II / 
264 4 |a México :  |b Porrúa,  |c 1979, c1979 
300 |a 540 p. 
336 |a texto  |b txt  |2 rdacontenido 
337 |a sin mediación  |b n  |2 rdamedio 
338 |a volumen  |b nc  |2 rdasoporte 
649 |a XX 
910 |a Fondo Xavier Cacho Vázquez S.J. 
920 |a Impresos - Libros 
930 |a Fondos Especiales 
905 |a 131 
901 |a 0500377043  |b IT2  |c ESP  |i D  |u 20250521 
902 |a https://opac.biblio.iteso.mx/vufind/Record/000455636